Annie Hall Dos extraños amantes /

Alvy Singer, un cuarentón bastante neurótico, trabaja como humorista en clubs nocturnos. Tras romper con Annie, reflexiona sobre su vida, rememorando sus amores, sus matrimonios, pero sobre todo su relación con Annie. Al final, llega a la conclusión de que son sus manías y obsesiones las que siempre...

Descripción completa

Guardado en:
Autor Principal: Allen, Woody.
Autor Corporativo: United Artists.
Otros Autores: Keaton, Diane; Reparto.
Formato: Deslizar
Idioma:Undetermined
Publicado: Estados Unidos : United Artists, 1977.
Materias:
Etiquetas: Agregar Etiqueta
Sin Etiquetas, Sea el primero en etiquetar este registro!
LEADER 01144ngm a22002175a 4500
001 CEM.cems020491
008 230925s1977####xx#---############vlund#d
005 20230925194300.0
245 1 0 |a Annie Hall  |h [videograbación] :  |b Dos extraños amantes /  |c Woody Allen. 
260 |a Estados Unidos :  |b United Artists,  |c 1977. 
300 |a 93'. 
520 |a Alvy Singer, un cuarentón bastante neurótico, trabaja como humorista en clubs nocturnos. Tras romper con Annie, reflexiona sobre su vida, rememorando sus amores, sus matrimonios, pero sobre todo su relación con Annie. Al final, llega a la conclusión de que son sus manías y obsesiones las que siempre acaban arruinando su relación con las mujeres. 
590 |a Identificación anterior: 183 
538 |a Soporte: DVD -- Formato: DVD – Peso: 4.02gb -- Resolución: 720 x 480 -- 29.97fps 
500 |a Idioma: Inglés - Subtítulos: Español, Inglés, Portugués. 
100 1 |a Allen, Woody. 
700 1 |a Keaton, Diane; Reparto. 
710 2 |a United Artists. 
653 |a LARGOMETRAJE 
653 |a FICCIÓN 
859 |a CEMS  |b BIB. CEMS - Depto. Recursos Didacticos  |h 778.5  |i ALL-2  |k DRD  |p 3128.23  |t Ej.1